[Event "Santo Domingo Independencia op"]
[Site "Santo Domingo"]
[Date "2017.03.03"]
[Round "5"]
[White "Rojas Gomez, Ramon Andres"]
[Black "Jimenez Matos, Jimmy"]
[Result "0-1"]
[WhiteElo "1787"]
[BlackElo "1914"]
[PlyCount "112"]
[EventDate "2017.02.24"]
[EventType "swiss"]
[EventRounds "7"]
[EventCountry "DOM"]
[SourceTitle "CBM 177 Extra"]
[Source "ChessBase"]
[SourceDate "2017.04.27"]
[SourceVersion "1"]
[SourceVersionDate "2017.04.27"]
[SourceQuality "1"]

1. c4 Nf6 2. Nc3 e5 3. d3 Bb4 4. Qb3 Bxc3+ 5. Qxc3 d6 6. f4 Nh5 7. Nf3 Bg4 8. fxe5 Bxf3 9. gxf3 Qh4+ 10. Kd1 Nd7 11. exd6 cxd6 12. Be3 b6 13. Bg2 Rc8 14. Kd2 0-0 15. Rag1 Rfe8 16. Bf1 g6 17. Rg2 Qe7 18. Bg5 Qe6 19. Rg4 Ne5 20. Rh4 f6 21. Bh3 Nxf3+ 22. exf3 Qe2+ 23. Kc1 fxg5 24. Rxh5 Rc5 25. Rh6 Qe3+ 26. Kc2 g4 27. Rxg6+ hxg6 28. Bxg4 Rce5 29. h4 b5 30. Bd7 R8e7 31. Bxb5 Qxf3 32. Rh2 Re1 33. Kb3 a5 34. Qd4 Qd1+ 35. Ka3 R1e3 36. c5 dxc5 37. Bc4+ Kh7 38. Qxc5 Qg1 39. Qd6 R3e5 40. h5 Qc5+ 41. Qxc5 Rxc5 42. hxg6+ Kxg6 43. Rf2 Rb7 44. b3 Rcc7 45. d4 Rb4 46. Rc2 Re7 47. d5 Kf6 48. Rh2 Re4 49. Rh6+ Ke7 50. Rc6 Kd7 51. Bf1 Rh4 52. Rc5 a4 53. Bb5+ Kd6 54. Rc4 axb3 55. Rxb4 Rxb4 56. Kxb4 bxa2 0-1

[Event "Santo Domingo Independencia op"]
[Site "Santo Domingo"]
[Date "2017.02.25"]
[Round "3"]
[White "Rojas Gomez, Ramon Andres"]
[Black "Sanchez, Ramon"]
[Result "1-0"]
[WhiteElo "1787"]
[BlackElo "1956"]
[PlyCount "119"]
[EventDate "2017.02.24"]
[EventType "swiss"]
[EventRounds "7"]
[EventCountry "DOM"]
[SourceTitle "CBM 177 Extra"]
[Source "ChessBase"]
[SourceDate "2017.04.27"]
[SourceVersion "1"]
[SourceVersionDate "2017.04.27"]
[SourceQuality "1"]

1. c4 e5 2. Nc3 Nf6 3. d3 d5 4. cxd5 Nxd5 5. Nf3 Nc6 6. e4 Nf6 7. Qa4 Bd6 8. Be2 0-0 9. h3 Bd7 10. Qb3 h6 11. Be3 Re8 12. g4 Na5 13. Qc2 b5 14. g5 hxg5 15. Nxg5 b4 16. Nd5 Nxd5 17. exd5 f5 18. Bh5 f4 19. Bxe8 Qxg5 20. Bxf4 Qxf4 21. Bxd7 Qf3 22. Be6+ Kh8 23. Rg1 Rf8 24. Qe2 Bc5 25. Qxf3 Rxf3 26. Rg4 Rxh3 27. Ke2 Rh2 28. Rf1 b3 29. axb3 Nxb3 30. Rg3 Nd4+ 31. Kd1 Nxe6 32. dxe6 Kg8 33. Rfg1 Rh7 34. R1g2 a5 35. Kc2 Kf8 36. Rf3+ Ke7 37. Rf7+ Kxe6 38. Rxc7 Kd6 39. Rf7 Ke6 40. Rb7 Kf6 41. Kc3 Bd4+ 42. Kc4 Rh4 43. Kd5 g5 44. f3 Rh3 45. Rc2 g4 46. Rc6+ Kg5 47. Rg7+ Kf4 48. fxg4 Rxd3 49. Rc4 Kg3 50. g5 Bxb2+ 51. Ke4 Rd1 52. Ra7 Re1+ 53. Kf5 Kf3 54. Rxa5 e4 55. Ra2 Bc1 56. Ra1 Bd2 57. Rxe1 Bxe1 58. Rxe4 Bd2 59. g6 Bc3 60. Re7 1-0

[Event "Santo Domingo Independencia op"]
[Site "Santo Domingo"]
[Date "2017.02.24"]
[Round "1"]
[White "Rojas Gomez, Ramon Andres"]
[Black "Crispin Ferreras, Darvi Abraham"]
[Result "0-1"]
[WhiteElo "1787"]
[BlackElo "2227"]
[PlyCount "84"]
[EventDate "2017.02.24"]
[EventType "swiss"]
[EventRounds "7"]
[EventCountry "DOM"]
[SourceTitle "CBM 177 Extra"]
[Source "ChessBase"]
[SourceDate "2017.04.27"]
[SourceVersion "1"]
[SourceVersionDate "2017.04.27"]
[SourceQuality "1"]

1. c4 e5 2. Nc3 Nf6 3. d3 Bc5 4. Be3 Bxe3 5. fxe3 0-0 6. g3 c6 7. Bg2 d5 8. Nf3 Qb6 9. Nxe5 Qxb2 10. Qc1 Qxc1+ 11. Rxc1 dxc4 12. Nxc4 Rd8 13. h3 Na6 14. g4 Nd5 15. Nxd5 cxd5 16. Ne5 Be6 17. Rc3 Rac8 18. Rxc8 Rxc8 19. Kd2 Kf8 20. Rc1 Nc5 21. Bxd5 Bxd5 22. Rxc5 Rxc5 23. Nd7+ Ke7 24. Nxc5 b6 25. Nb3 Bg2 26. h4 f6 27. e4 Bh3 28. g5 fxg5 29. hxg5 Be6 30. Ke3 a5 31. d4 Bxb3 32. axb3 b5 33. d5 a4 34. bxa4 bxa4 35. Kd3 h5 36. gxh6 gxh6 37. e5 h5 38. Kc4 a3 39. Kb3 h4 40. Kxa3 h3 41. Kb4 h2 42. Kc5 h1Q 0-1

[Event "Santo Domingo Gesta Catorce op"]
[Site "Santo Domingo"]
[Date "2016.07.02"]
[Round "7"]
[White "Batlle Ysa, Rafael Jorge"]
[Black "Rojas Gomez, Ramon Andres"]
[Result "1/2-1/2"]
[WhiteElo "1901"]
[BlackElo "1831"]
[PlyCount "50"]
[EventDate "2016.06.24"]
[EventType "swiss"]
[EventRounds "8"]
[EventCountry "DOM"]
[SourceTitle "EXT 2017"]
[Source "ChessBase"]
[SourceDate "2016.10.25"]
[SourceVersion "1"]
[SourceVersionDate "2016.10.25"]
[SourceQuality "1"]

1. d4 g6 2. Nf3 Bg7 3. Bf4 c5 4. e3 cxd4 5. exd4 Nc6 6. c3 Qb6 7. Qc1 d5 8. Bd3 Bg4 9. Nbd2 Rc8 10. Qb1 Nf6 11. h3 Be6 12. 0-0 0-0 13. Nb3 Nd8 14. Ne5 a6 15. Re1 Nh5 16. Bh2 Qa7 17. Qd1 b5 18. Qe2 Nb7 19. a4 bxa4 20. Rxa4 a5 21. Rea1 Bxe5 22. Bxe5 Bd7 23. Bb5 Bc6 24. Nxa5 Nxa5 25. Rxa5 Qb6 1/2-1/2

[Event "Santo Domingo District"]
[Site "Santo Domingo"]
[Date "2016.03.12"]
[Round "3"]
[White "Arvelo Leo, Gian Carlo"]
[Black "Rojas Gomez, Ramon Andres"]
[Result "1-0"]
[WhiteElo "2156"]
[BlackElo "1828"]
[PlyCount "67"]
[EventDate "2016.03.11"]
[EventType "swiss"]
[EventRounds "7"]
[EventCountry "DOM"]
[SourceTitle "EXT 2017"]
[Source "ChessBase"]
[SourceDate "2016.10.25"]
[SourceVersion "1"]
[SourceVersionDate "2016.10.25"]
[SourceQuality "1"]

1. Nf3 d5 2. g3 Nf6 3. Bg2 Bg4 4. c4 c6 5. 0-0 e6 6. b3 Nbd7 7. Bb2 h5 8. Nc3 Bxf3 9. Bxf3 h4 10. d4 hxg3 11. hxg3 Bd6 12. Kg2 Qe7 13. e4 dxe4 14. Nxe4 Nxe4 15. Bxe4 f5 16. Bxf5 exf5 17. Re1 Be5 18. dxe5 0-0-0 19. Qd6 Qg5 20. e6 Nf6 21. Bxf6 Qxf6 22. Qe5 Qxe5 23. Rxe5 g6 24. Rae1 Rde8 25. Kf3 Re7 26. Rd1 Rd8 27. Rxd8+ Kxd8 28. Kf4 Rg7 29. Re2 Ke7 30. Ke5 b5 31. Rd2 Ke8 32. c5 a5 33. Kf6 Re7 34. Rd6 1-0

[Event "Santo Domingo Duarte Memorial 5th"]
[Site "Santo Domingo"]
[Date "2016.01.08"]
[Round "1"]
[White "Rojas Gomez, Ramon Andres"]
[Black "Arvelo Leo, Gian Carlo"]
[Result "0-1"]
[WhiteElo "1824"]
[BlackElo "2137"]
[PlyCount "46"]
[EventDate "2016.01.08"]
[EventType "swiss"]
[EventRounds "8"]
[EventCountry "DOM"]
[SourceTitle "CBM 170 Extra"]
[Source "ChessBase"]
[SourceDate "2016.02.25"]
[SourceVersion "1"]
[SourceVersionDate "2016.02.25"]
[SourceQuality "1"]

1. c4 Nf6 2. Nc3 g6 3. d3 Bg7 4. g3 0-0 5. Bg2 d6 6. Bd2 Nc6 7. Qc1 Nd4 8. Nf3 e5 9. Nxd4 exd4 10. Nb5 c6 11. Nxd4 Ng4 12. Nf3 Qb6 13. 0-0 Bxb2 14. Qc2 Bxa1 15. Rxa1 Qxf2+ 16. Kh1 Ne3 17. Bxe3 Qxe3 18. h3 Re8 19. Re1 Bd7 20. Kh2 Re7 21. Qb2 Rae8 22. Qxb7 Qf2 23. a4 Bxh3 0-1

[Event "Santo Domingo La Raza op"]
[Site "Santo Domingo"]
[Date "2015.10.12"]
[Round "1"]
[White "Jaquez, Juan Manuel"]
[Black "Rojas Gomez, Ramon Andres"]
[Result "1-0"]
[WhiteElo "2103"]
[BlackElo "1816"]
[PlyCount "87"]
[EventDate "2015.10.12"]
[EventType "swiss"]
[EventRounds "8"]
[EventCountry "DOM"]
[SourceTitle "CBM 169 Extra"]
[Source "ChessBase"]
[SourceDate "2015.12.18"]
[SourceVersion "1"]
[SourceVersionDate "2015.12.18"]
[SourceQuality "1"]

1. e4 c6 2. d4 d5 3. e5 Bf5 4. Nf3 e6 5. Be2 Bb4+ 6. c3 Ba5 7. 0-0 Nd7 8. Be3 f6 9. Nbd2 fxe5 10. Nxe5 Nxe5 11. dxe5 Ne7 12. Bh5+ Bg6 13. Bg5 Qd7 14. Qg4 0-0 15. Bxg6 Nxg6 16. Rae1 Bb6 17. Nf3 Rf5 18. h4 Raf8 19. h5 Nf4 20. Nh4 R5f7 21. Rd1 g6 22. hxg6 Nxg6 23. Bf6 Rxf6 24. exf6 Rxf6 25. Nxg6 Rxg6 26. Qh3 Qg7 27. Rd3 Bc7 28. g3 Rh6 29. Qg2 e5 30. c4 d4 31. Qe4 Qf7 32. Qg4+ Rg6 33. Qc8+ Kg7 34. Re1 Rf6 35. Re2 c5 36. Qxb7 h5 37. Ra3 h4 38. Qe4 Qxc4 39. Rc2 Qf7 40. Rb3 Kh6 41. Kg2 c4 42. Rf3 d3 43. Rxf6+ Qxf6 44. Rxc4 1-0